[Event "Grand Masters/Experts-ch"]
[Site "Lansing"]
[Date "1999.01.09"]
[Round "1"]
[White "De Lucas, Ronald"]
[Black "Ball, Jason"]
[Result "0-1"]
[WhiteElo "1605"]
[BlackElo "1605"]
[PlyCount "82"]
[EventDate "1999.??.??"]
[EventType "swiss"]
[EventRounds "5"]
[EventCountry "USA"]
[SourceTitle "EXT 2007"]
[Source "ChessBase"]
[SourceDate "2006.11.23"]
[SourceVersion "1"]
[SourceVersionDate "2006.11.23"]
[SourceQuality "1"]

1. d4 e6 2. e3 d5 3. c3 Nf6 4. f3 c5 5. a3 a6 6. b3 cxd4 7. exd4 Nc6 8. Be3 e5 9. Nh3 Bxh3 10. gxh3 exd4 11. cxd4 Be7 12. Bf2 0-0 13. Qc2 Qa5+ 14. Nd2 Rfe8 15. Bd3 Nb4 16. Qb1 Nxd3+ 17. Qxd3 Bxa3+ 18. Kf1 Rac8 19. Be3 Rc3 20. Rxa3 Rc1+ 21. Kg2 Qxa3 22. Rxc1 Qxc1 23. Nf1 Qc7 24. Qf5 Qc3 25. Kf2 Qxb3 26. h4 a5 27. h5 h6 28. h3 a4 29. Nh2 a3 30. Ng4 Nxg4+ 31. hxg4 Qxe3+ 32. Kg3 a2 33. g5 Qxg5+ 34. Qg4 Qxg4+ 35. Kxg4 a1Q 36. f4 Re4 37. Kf5 Qc1 38. Kg4 Qxf4+ 39. Kh3 Qg4+ 40. Kh2 Re2+ 41. Kh1 Qg2# 0-1